[Event "Scottish op"]
[Site "Dunfermline"]
[Date "2025.07.13"]
[Round "9"]
[White "Arun, Nitish"]
[Black "Ridge, Benjamin"]
[Result "1/2-1/2"]
[WhiteElo "2073"]
[BlackElo "1865"]
[PlyCount "54"]
[EventDate "2025.07.07"]
[EventType "swiss"]
[EventRounds "9"]
[EventCountry "SCO"]
[SourceTitle "CB29_2025"]
[SourceDate "2025.07.16"]
[SourceVersion "1"]
[SourceVersionDate "2025.07.16"]
[SourceQuality "1"]

1. d4 e6 2. c4 f5 3. g3 Nf6 4. Bg2 Be7 5. Nf3 d6 6. 0-0 0-0 7. Nc3 Ne4 8. Qc2 Nxc3 9. Qxc3 Nc6 10. Re1 Bf6 11. e4 e5 12. dxe5 Nxe5 13. Qc2 Nxf3+ 14. Bxf3 Be5 15. exf5 Bxf5 16. Be4 Qd7 17. Bxf5 Rxf5 18. f4 Bd4+ 19. Be3 Bxe3+ 20. Rxe3 Raf8 21. Rae1 R5f7 22. Qe4 Qa4 23. a3 b5 24. Rc1 bxc4 25. Rxc4 Qb5 26. Rb4 Qc5 27. Rc4 Qb5 1/2-1/2

[Event "Scottish op"]
[Site "Dunfermline"]
[Date "2025.07.08"]
[Round "2"]
[White "Ridge, Benjamin"]
[Black "Srivastava, Aditya"]
[Result "1-0"]
[WhiteElo "1865"]
[BlackElo "1773"]
[PlyCount "87"]
[EventDate "2025.07.07"]
[EventType "swiss"]
[EventRounds "9"]
[EventCountry "SCO"]
[SourceTitle "CB29_2025"]
[SourceDate "2025.07.16"]
[SourceVersion "1"]
[SourceVersionDate "2025.07.16"]
[SourceQuality "1"]

1. c4 c5 2. Nc3 Nc6 3. g3 g6 4. Bg2 Bg7 5. d3 Nf6 6. e4 d6 7. Nge2 0-0 8. 0-0 a6 9. h3 Rb8 10. a4 Ne8 11. Be3 b5 12. axb5 axb5 13. Nxb5 Nc7 14. Nec3 Nxb5 15. Nxb5 Bxb2 16. Ra2 Bg7 17. Qd2 Nb4 18. Ra3 Bd7 19. Nc3 Qc7 20. Bh6 e6 21. Bxg7 Kxg7 22. f4 h6 23. g4 Qd8 24. d4 Qe7 25. dxc5 dxc5 26. Ra7 Rfd8 27. Rd1 Qf6 28. e5 Qh4 29. Rxd7 Rxd7 30. Qxd7 Qg3 31. Qd2 Rb6 32. Ne4 Qb3 33. Qd8 Nd5 34. Nf2 Rb8 35. Qh4 Qxc4 36. Bxd5 exd5 37. Qf6+ Kg8 38. e6 Rf8 39. e7 Re8 40. f5 Qc2 41. Rxd5 Qb1+ 42. Rd1 Qb8 43. Rd8 Qb1+ 44. Kh2 1-0

[Event "Scottish op"]
[Site "Dunfermline"]
[Date "2025.07.08"]
[Round "3"]
[White "Woods, Yannick"]
[Black "Ridge, Benjamin"]
[Result "1/2-1/2"]
[WhiteElo "1995"]
[BlackElo "1865"]
[PlyCount "88"]
[EventDate "2025.07.07"]
[EventType "swiss"]
[EventRounds "9"]
[EventCountry "SCO"]
[SourceTitle "CB29_2025"]
[SourceDate "2025.07.16"]
[SourceVersion "1"]
[SourceVersionDate "2025.07.16"]
[SourceQuality "1"]

1. d4 e6 2. c4 f5 3. Nf3 Nf6 4. Nc3 Bb4 5. Qb3 a5 6. a3 a4 7. Qc2 Bxc3+ 8. Qxc3 0-0 9. g3 d6 10. Bg2 Qe8 11. 0-0 Nc6 12. Rd1 e5 13. dxe5 dxe5 14. Be3 Ne4 15. Qc2 Be6 16. Nd2 Nd6 17. Bc5 Ra5 18. Bb4 Nxb4 19. axb4 Ra7 20. b5 Qa8 21. Qc3 e4 22. b6 Ra6 23. c5 Nb5 24. Qb4 c6 25. e3 a3 26. b3 Qe8 27. Bf1 h5 28. h4 Qg6 29. Nc4 f4 30. Ne5 Qf5 31. exf4 a2 32. Bxb5 cxb5 33. Rd4 Qh3 34. Qxb5 e3 35. Qe2 exf2+ 36. Qxf2 Bxb3 37. Rd3 Be6 38. g4 hxg4 39. Rxh3 gxh3 40. Qd4 Ra3 41. Kh2 Raa8 42. Nc4 Ra4 43. Rg1 a1Q 44. Rxa1 Rxc4 1/2-1/2

[Event "Manchester op"]
[Site "Bolton"]
[Date "2023.08.20"]
[Round "4"]
[White "Song, Ran1"]
[Black "Ridge, Benjamin"]
[Result "0-1"]
[WhiteElo "1987"]
[BlackElo "1770"]
[PlyCount "90"]
[EventDate "2023.08.18"]
[EventType "swiss"]
[EventRounds "5"]
[EventCountry "ENG"]
[SourceTitle "CBM 215 Extra"]
[Source "ChessBase"]
[SourceDate "2023.09.30"]
[SourceVersion "1"]
[SourceVersionDate "2023.09.30"]
[SourceQuality "1"]

1. e4 e6 2. d4 d5 3. exd5 exd5 4. Bd3 Bd6 5. h3 Ne7 6. Nf3 0-0 7. 0-0 Bf5 8. Re1 Bxd3 9. Qxd3 Nd7 10. c3 c6 11. a4 a5 12. Na3 Re8 13. Nc2 Nb6 14. b3 Qc7 15. Bd2 Ng6 16. Ne3 Qd7 17. Qc2 Nf4 18. Ng5 Ng6 19. Nf5 Bc7 20. h4 h6 21. Nf3 Rxe1+ 22. Rxe1 Re8 23. c4 Rxe1+ 24. Bxe1 dxc4 25. bxc4 Nxc4 26. Nxh6+ gxh6 27. Qxc4 Qg4 28. Qb3 Nxh4 29. Nxh4 Qxh4 30. Qxb7 Bh2+ 31. Kf1 Qxd4 32. g3 Qd3+ 33. Kg2 Qe4+ 34. Kxh2 Qxe1 35. Qxc6 Qxf2+ 36. Kh3 Qf1+ 37. Kh4 Kg7 38. Qc2 Qf3 39. Kh3 h5 40. Qb2+ f6 41. Qc2 Qh1+ 42. Qh2 Qxh2+ 43. Kxh2 Kg6 44. Kg2 Kg5 45. Kf3 Kf5 0-1

[Event "SCO-ch op 128th"]
[Site "Dunfermline"]
[Date "2023.07.07"]
[Round "1"]
[White "Collins, Sam Sr"]
[Black "Ridge, Benjamin"]
[Result "0-1"]
[WhiteElo "1947"]
[BlackElo "1768"]
[PlyCount "84"]
[EventDate "2023.07.07"]
[EventType "swiss"]
[EventRounds "5"]
[EventCountry "SCO"]
[SourceTitle "CBM 215 Extra"]
[Source "ChessBase"]
[SourceDate "2023.09.30"]
[SourceVersion "1"]
[SourceVersionDate "2023.09.30"]
[SourceQuality "1"]

1. e4 e6 2. d4 d5 3. Nc3 Bb4 4. e5 c5 5. a3 Bxc3+ 6. bxc3 Qc7 7. Nf3 b6 8. a4 Ba6 9. Bb5+ Bxb5 10. axb5 Ne7 11. 0-0 0-0 12. Re1 Rc8 13. Ba3 cxd4 14. cxd4 Nf5 15. Re2 Qc4 16. Rb1 a5 17. Qd3 Qxd3 18. cxd3 g6 19. Rc1 Rxc1+ 20. Bxc1 Kf8 21. Rc2 Nd7 22. g4 Ne7 23. Ba3 Ke8 24. Rc7 h6 25. Nd2 Nc8 26. f4 Na7 27. Bb2 Nxb5 28. Rc6 Kd8 29. f5 Rc8 30. fxg6 fxg6 31. Rxc8+ Kxc8 32. Nb1 Kb7 33. Kf2 Na7 34. Bc1 Nc6 35. Ke3 b5 36. Na3 b4 37. Nb5 a4 38. Nd6+ Ka6 39. Nf7 a3 40. Nxh6 Ka5 41. Nf7 Ka4 42. Ng5 Nf8 0-1

[Event "London CSC Weekend U2050 op 10th"]
[Site "London"]
[Date "2018.12.16"]
[Round "4"]
[White "Ridge, Benjamin"]
[Black "Riding, Mick D"]
[Result "0-1"]
[WhiteElo "1611"]
[BlackElo "1879"]
[PlyCount "104"]
[EventDate "2018.12.14"]
[EventType "swiss"]
[EventRounds "5"]
[EventCountry "ENG"]
[SourceTitle "EXT 2020"]
[Source "ChessBase"]
[SourceDate "2019.10.17"]
[SourceVersion "1"]
[SourceVersionDate "2019.10.17"]
[SourceQuality "1"]

1. c4 d6 2. Nc3 e5 3. Nf3 f5 4. d4 e4 5. Nd2 Nf6 6. e3 c6 7. Be2 Be7 8. 0-0 0-0 9. f3 d5 10. cxd5 cxd5 11. Qb3 Kh8 12. a4 Nc6 13. Qd1 Be6 14. Qb3 Qd7 15. f4 g5 16. fxg5 Ng4 17. Bxg4 fxg4 18. Rxf8+ Rxf8 19. g3 Bxg5 20. Ndxe4 dxe4 21. d5 Qf7 22. Qd1 Rd8 23. Bd2 Bxd5 24. Nxd5 Rxd5 25. Bc3+ Ne5 26. Qxg4 Bxe3+ 27. Kg2 Qf3+ 28. Qxf3 exf3+ 29. Kf1 Kg8 30. Re1 Ng4 31. Rxe3 Nxe3+ 32. Kf2 Nd1+ 33. Kxf3 Nxc3 34. bxc3 Rd3+ 35. Kf4 Rxc3 36. h4 Rc4+ 37. Kg5 Rxa4 38. g4 a5 39. h5 Rc4 40. Kh6 Rc6+ 41. Kg5 h6+ 42. Kh4 a4 43. g5 hxg5+ 44. Kxg5 a3 45. h6 a2 46. h7+ Kxh7 47. Kf5 a1Q 48. Ke4 Rd6 49. Kf5 Qe1 50. Kg5 Qf1 51. Kg4 Rg6+ 52. Kh4 Qh1# 0-1

[Event "London CSC Weekend U2050 op 10th"]
[Site "London"]
[Date "2018.12.15"]
[Round "3"]
[White "Alizada, Eldar"]
[Black "Ridge, Benjamin"]
[Result "1-0"]
[WhiteElo "1954"]
[BlackElo "1611"]
[PlyCount "115"]
[EventDate "2018.12.14"]
[EventType "swiss"]
[EventRounds "5"]
[EventCountry "ENG"]
[SourceTitle "EXT 2020"]
[Source "ChessBase"]
[SourceDate "2019.10.17"]
[SourceVersion "1"]
[SourceVersionDate "2019.10.17"]
[SourceQuality "1"]

1. d4 e6 2. c4 f5 3. Nc3 Nf6 4. e3 Bb4 5. Qc2 0-0 6. Bd3 d6 7. Nge2 Qe8 8. 0-0 Bxc3 9. Qxc3 e5 10. b4 e4 11. Bc2 d5 12. cxd5 Nxd5 13. Bb3 c6 14. Ba3 Be6 15. Qd2 Qf7 16. Rac1 Rd8 17. f3 Qg6 18. fxe4 fxe4 19. Bc2 Nd7 20. Nf4 Nxf4 21. Rxf4 Nf6 22. Bb1 Rd5 23. g3 Bg4 24. Bc2 Be6 25. Qg2 Bf5 26. Bb3 Kh8 27. Rcf1 Bg4 28. Bxd5 cxd5 29. b5 Bf3 30. Qf2 Rc8 31. Be7 Ng4 32. Qd2 h5 33. Rc1 Rxc1+ 34. Qxc1 Kh7 35. Qc8 Nh6 36. Rf8 Nf7 37. Qxb7 Qe6 38. Qc8 Qg6 39. Qe8 Qh6 40. Kf2 h4 41. Bxh4 Bh5 42. Qc6 Bg6 43. Qxd5 Bh5 44. Qxe4+ Bg6 45. Qf3 Bh5 46. Qf4 Qg6 47. e4 Bg4 48. Rxf7 Qe6 49. d5 Qb6+ 50. Kg2 Bh5 51. Re7 Qc5 52. Qd2 Qxb5 53. Bf6 Kg8 54. Rxg7+ Kf8 55. Bd4 Be2 56. Qf4+ Ke8 57. Qf7+ Kd8 58. Rg8+ 1-0

[Event "London CSC Weekend U2050 op 10th"]
[Site "London"]
[Date "2018.12.15"]
[Round "2"]
[White "Ridge, Benjamin"]
[Black "Graff, Coby"]
[Result "1-0"]
[WhiteElo "1611"]
[BlackElo "1606"]
[PlyCount "63"]
[EventDate "2018.12.14"]
[EventType "swiss"]
[EventRounds "5"]
[EventCountry "ENG"]
[SourceTitle "EXT 2020"]
[Source "ChessBase"]
[SourceDate "2019.10.17"]
[SourceVersion "1"]
[SourceVersionDate "2019.10.17"]
[SourceQuality "1"]

1. c4 e6 2. Nc3 d5 3. d4 c5 4. cxd5 cxd4 5. dxe6 Bxe6 6. Ne4 Nc6 7. Nf3 Qb6 8. a3 0-0-0 9. b4 Bd5 10. Qc2 Bxe4 11. Qxe4 Nf6 12. Qf5+ Kb8 13. Bf4+ Bd6 14. Rc1 Ka8 15. Bxd6 Rxd6 16. g3 Re8 17. Qd3 Rde6 18. Rc2 Ne5 19. Nxe5 Rxe5 20. Bg2 Qe6 21. Bf3 g5 22. 0-0 g4 23. Bg2 Rxe2 24. Rxe2 Qxe2 25. Qxd4 Qe6 26. Rd1 a6 27. a4 Qe2 28. b5 axb5 29. axb5 Ne4 30. b6 Nc5 31. Qd8+ Rxd8 32. Rxd8# 1-0